000 00310nam a2200133Ia 4500
005 20251221000920.0
008 251220s1990||||xx |||||||||||||| ||spa||
082 _a179.1/B25
100 _aBarrantes, Roxana
245 0 _a Ética Ambiental y Política Pública
264 _bNanuk
942 _cLIB
942 _cP01
999 _c422
_d422